| 000 | 00321nam a22001217a 4500 | ||
|---|---|---|---|
| 082 |
_a297 _bNAZ |
||
| 100 |
_aNazar Ahmad, Alhaj Hafiz _951363 |
||
| 245 | _aموطا امام محمد | ||
| 260 |
_aLahore, _bPak Muslim Academy, _c1983. |
||
| 300 | _a584p. | ||
| 526 |
_a0 _b0 _c0 _d297_000000000000000_NAZ |
||
| 942 |
_2ddc _cBK |
||
| 999 |
_c554065 _d554065 |
||